000 01024nam a2200181Ia 4500
008 090124s9999 xx 000 0 und d
082 _b6367
100 _aकुलकर्णी दत्ता. जो.
245 _a समर्थ (समर्थ गुरु रामदास य़ांच्य़ा जीवनावरील ऐतिहासिक कादंबरी)
250 _a0
260 _b"विजय प्रकाशन , नागपूर"
_c1974
300 _a368
600 _aकुलकर्णी दत्ता. जो.
630 _a समर्थ (समर्थ गुरु रामदास य़ांच्य़ा जीवनावरील ऐतिहासिक कादंबरी)
700 _aकुलकर्णी दत्ता. जो.
730 _a समर्थ (समर्थ गुरु रामदास य़ांच्य़ा जीवनावरील ऐतिहासिक कादंबरी)
942 _cBOOK
999 _c85251
_d85251